000 00544nam a2200181Ia 4500
005 20250508150927.0
008 008 250505s9999 xx 000 0 hin d
037 _aTextual
040 _aFEDL
_beng
_cFEDL
041 _ahin
_2hin
084 _a891.431, VER
_qFEDL
100 _aVerma Ram Kumar
245 0 _aKabir ka rehasyawad: Kabir ke darshanik vicharo ka gumbhir vivechan
260 _aAllahabad, India
_bSahitya Bhawan Limited
_c1951
300 _a213p.
942 _cTEXL
_h891.431, VER
999 _c1326534
_d1326534